00528nam a2200157Ia 4500008004100000020001500041082002500056100002700081245005800108250001700166260003900183300003500222650004000257650003200297650004100329120622s2000 mx a 000 0 spa d a9682461235 a005.369bB725tw 2000 aBoqué, Carloseautor aTodo el Word 2000 en un solo libroc / Carlos Boqué a2a edición aMéxicob: Trillasb; GYRc, 2000 a339 páginasb: ilustraciones14aWORD 2000xPROGRAMA PARA COMPUTADOR24aPROGRAMAS PARA COMPUTADORAS24aPROCESAMIENTO ELECTRÓNICO DE DATOS